000 00985cam a22002411i 4500
003 SA-RiAUC
005 20250114134737.0
008 250105s1994 su g f000 0 ara c
040 _aSA-RiAUC
_bara
_cSA-RiAUC
_erda
082 0 4 _a257
_qSA-RiAUC
090 _a257
_b ا ح م
100 1 _aأحمد، زبير.
_eمؤلف.
245 1 0 _aحقوق الإنسان في المنهج الإسلامي والعربي :
_bدراسة مقارنة /
_cزبير أحمد.
264 1 _aمكة المكرمة :
_bجامعة أم القرى، مركز بحوث الدراسات الإسلامية،
_c1994
300 _a285 صفحة ؛
_c24 سم.
336 _aنص
_btxt
_2rdacontent
_3كتاب
337 _aبدون وسيط
_bn
_2rdamedia
338 _aمجلد
_bnc
_2rdacarrier
490 0 _aسلسلة بحوث الدراسات الإسلامية ؛
_v23
650 7 _aالإسلام وحقوق الإنسان
_2aucsh
942 _2ddc
_cBOOK
_n0
949 _aSA-JeALM
_d250105
_uosman123
_n1
999 _c4786
_d4786